| 000 | 00489nam a2200169Ia 4500 | ||
|---|---|---|---|
| 999 |
_c1474 _d1474 |
||
| 003 | OSt | ||
| 005 | 20200923101957.0 | ||
| 008 | 190216s9999||||xx |||||||||||||| ||und|| | ||
| 040 | _coclc | ||
| 082 |
_a581.1662 _bNAI/E |
||
| 100 |
_aNair, P K K _94836 |
||
| 245 | 0 |
_aEssentials Of Palynology / _cP K K Nair |
|
| 260 |
_bToday And Tomorrow Publishers, _c1985. _aNew Delhi: |
||
| 300 | _a129p | ||
| 650 | _aBiology | ||
| 942 |
_cBK _2ddc _h581.1662 _iNAI/E _k581.1662 _mNAI/E |
||